Arme de siège - Statistiques

Statistiques générales
  • Ce quiz a été pris 15 fois
  • Le résultat moyen est 5 sur 10
Statistiques - réponses
Par images Réponse % Correct
catapulte
100%
bélier
92%
balliste
69%
échelle
69%
trebuchet
69%
tour de siège
46%
Bombarde
31%
mangoneau
23%
couillard
15%
scorpion
15%
Aucun quiz correspondant
Distribution des résultats
% des personnes avec chaque résultat
Percentile par nombre de réponses
Votre historique - résultats
Vous n’avez pas pris ce quiz